Дифференциальный термический анализ ультрадисперсного продукта синтеза системы "молибден-углерод"; Перспективы развития фундаментальных наук; Т. 2 : Химия
| Parent link: | Перспективы развития фундаментальных наук=Prospects of Fundamental Sciences Development: сборник научных трудов XVII Международной конференции студентов, аспирантов и молодых ученых, г. Томск, 21-24 апреля 2020 г./ Национальный исследовательский Томский политехнический университет (ТПУ) ; под ред. И. А. Курзиной, Г. А. Вороновой.— , 2020 Т. 2 : Химия.— 2020.— [С. 92-94] |
|---|---|
| Main Author: | |
| Corporate Author: | |
| Other Authors: | |
| Summary: | Заглавие с экрана This work presents studies on the preparation and research of the properties of molybdenum carbides. Molybdenum carbides have a number of useful properties: high hardness, good electrical conductivity, corrosion resistance and high catalytic activity in comparison with Pt-group metals. This material can be used as catalysts in hydrogen generation reactions. The product was obtained, using a vacuumless electric arc method and analyzed by the differential method of thermal analysis. |
| Language: | Russian |
| Published: |
2020
|
| Subjects: | |
| Online Access: | http://earchive.tpu.ru/handle/11683/63025 |
| Format: | Electronic Book Chapter |
| KOHA link: | https://koha.lib.tpu.ru/cgi-bin/koha/opac-detail.pl?biblionumber=631555 |
MARC
| LEADER | 00000naa2a2200000 4500 | ||
|---|---|---|---|
| 001 | 631555 | ||
| 005 | 20240407064714.0 | ||
| 035 | |a (RuTPU)RU\TPU\conf\33256 | ||
| 035 | |a RU\TPU\conf\33254 | ||
| 090 | |a 631555 | ||
| 100 | |a 20200908d2020 k y0rusy50 ca | ||
| 101 | 0 | |a rus | |
| 102 | |a RU | ||
| 105 | |a y z 100zy | ||
| 135 | |a drcn ---uucaa | ||
| 181 | 0 | |a i | |
| 182 | 0 | |a b | |
| 200 | 1 | |a Дифференциальный термический анализ ультрадисперсного продукта синтеза системы "молибден-углерод" |d Differential thermal analysis of the ultra-dispersion product of synthesis of the system "molybden-carbon" |f П. Н. Кононенко, А. Я. Пак |g науч. рук. А. Я. Пак | |
| 203 | |a Текст |c электронный | ||
| 300 | |a Заглавие с экрана | ||
| 320 | |a [Библиогр.: с. 94 (10 назв.)] | ||
| 330 | |a This work presents studies on the preparation and research of the properties of molybdenum carbides. Molybdenum carbides have a number of useful properties: high hardness, good electrical conductivity, corrosion resistance and high catalytic activity in comparison with Pt-group metals. This material can be used as catalysts in hydrogen generation reactions. The product was obtained, using a vacuumless electric arc method and analyzed by the differential method of thermal analysis. | ||
| 338 | |b Правительство РФ |d МК-633.2019.8 | ||
| 461 | 1 | |0 (RuTPU)RU\TPU\conf\32968 |t Перспективы развития фундаментальных наук |l Prospects of Fundamental Sciences Development |o сборник научных трудов XVII Международной конференции студентов, аспирантов и молодых ученых, г. Томск, 21-24 апреля 2020 г. |o в 7 т. |f Национальный исследовательский Томский политехнический университет (ТПУ) ; под ред. И. А. Курзиной, Г. А. Вороновой |d 2020 | |
| 463 | 1 | |0 (RuTPU)RU\TPU\conf\32970 |t Т. 2 : Химия |v [С. 92-94] |d 2020 | |
| 510 | 1 | |a Differential thermal analysis of the ultra-dispersion product of synthesis of the system "molybden-carbon" |z eng | |
| 610 | 1 | |a электронный ресурс | |
| 610 | 1 | |a труды учёных ТПУ | |
| 610 | 1 | |a дифференциальный термический анализ | |
| 610 | 1 | |a ультрадисперсные материалы | |
| 610 | 1 | |a синтез | |
| 610 | 1 | |a молибден-углерод | |
| 610 | 1 | |a термический анализ | |
| 610 | 1 | |a карбид молибдена | |
| 610 | 1 | |a тепловые потоки | |
| 610 | 1 | |a порошковые материалы | |
| 700 | 1 | |a Кононенко |b П. Н. | |
| 701 | 1 | |a Пак |b А. Я. |c специалист в области электротехники |c профессор Томского политехнического университета, доктор технических наук |f 1986- |g Александр Яковлевич |y Томск |3 (RuTPU)RU\TPU\pers\30051 |9 14481 | |
| 702 | 1 | |a Пак |b А. Я. |c специалист в области электротехники |c начальник отдела Томского политехнического университета, кандидат технических наук |f 1986- |g Александр Яковлевич |4 727 | |
| 712 | 0 | 2 | |a Национальный исследовательский Томский политехнический университет |c (2009- ) |3 (RuTPU)RU\TPU\col\15902 |9 26305 |
| 801 | 2 | |a RU |b 63413507 |c 20200925 |g RCR | |
| 856 | 4 | |u http://earchive.tpu.ru/handle/11683/63025 | |
| 942 | |c BK | ||